Kleine evangelische Gemeinden in Lettgallen

Titel: Kleine evangelische Gemeinden in Lettgallen
Verfasser:
In: Jahrbuch des baltischen Deutschtums, Band 60 (2012), Seite 67-72
alle Artikel anzeigen
Veröffentlicht: 2012 [2013]
Format: Aufsatz
Sprache: Deutsch
Schlagworte:
Kein Bild verfügbar
X
alg: 39266344
001A    $01999:11-11-16 
001B    $03025:03-03-26 $t13:37:27.000 
001C    $06050:19-11-16 $t08:57:11.000 
001D    $01999:11-11-16 
001U    $0utf8 
001X    $00 
002@    $0Aox 
003@    $0392663449 
007A    $0392663449 $aHEB 
007T    $0Herdc0087300m 
010@    $ager 
011@    $a2012 $n2012 [2013] 
021A    $aKleine evangelische Gemeinden in Lettgallen 
028A    $7121241270 $8Wittram, Heinrich$Z1931-2018 [Tp1] $9152660887 
031A    $d60 $h67-72 $j2012 
039B    $aIn $8--Abvc--. Jahrbuch des baltischen Deutschtums. - Lüneburg : Carl-Schirren-Ges., 1927-2012. - ISSN 0075-2436 $x201200000600000933 $9047351179 
044K    $#Latgale $#Lattgale $#Latgalija $74223781-6 $8Lettgallen [Tg1] $9086159291 
045F    $a307.09438 $eDDC23BSB 
045F/01 $a307.09 
045F/03 $g438 
045F/03 $g4796 
045T    $a7,41 $a7,44 
045T    $aGER $qDE-30 $2FID 

lok: 39266344 78

exp: 39266344 78 1 #EPN
201B/01 $019-04-17 $t11:27:40.000 
201U/01 $0utf8 
203@/01 $0788762222 
208@/01 $a11-11-16 $be 
209A/01 $a/ $f000 $x00 
220C/01 $aTitelaufnehmer: kk 
220C/01 $aHerkunft: HI Marburg 
244Z/01 $2Trx $#Latvija $#Lettland $#Łotwa $#Lotyšsko $8--Trx--Latvija $x01 $9391275879 
244Z/01 $2Trx $#Poola $#Lenkija $#Polija $#Polen Land $#Poland $#Lengyelország $#Poľsko $#Polsko $8--Trx--Polska$gkraj $x02 $9391345966 
244Z/01 $2Trx $#Latgale $#Latgala $#Lettgallen $#Latgalia $#Latgale $#Łatgalia $#Latgalija $#Polnisch-Livland $8--Trx--Latgale $x03 $9391265105 
244Z/01 $aGeschichte 1660-1945 $x04 
244Z/01 $2Trx $#Manteuffel, Gustav von $8--Trx--Manteuffel-Szoege, Gustaw$Z1832-1916 $x05 $9390879886 
244Z/01 $2Trx $#Marnics, Ksavers $8--Trx--Marnitz, Xaver$Z1855-1919 $x06 $9390779792 
244Z/01 $2Trx $8--Trx--Irbe, Kārlis$Z1861-1934 $x07 $9390873276 
244Z/01 $2Trx $#kogudused $#parapijos $#parishes $#gyülekezetek $#parafie $#farnosti $#farnosti $#Pfarreien $#fary $8--Trx--Kirchengemeinden $x08 $9391369407 
244Z/01 $2Trx $#kirikud, evangeelsed $#bažnyčios, evangelikų $#Churches, Protestant $#templomok, evangélikus $#kościoły ewangelickie $#cirkvi evanjelické $#církve evangelické $#kościół ewangelicko-augsburski $#kościół ewangelicko-luterański $#kościół luterański $8--Trx--Kirchen, evangelische $x09 $9391382926 
244Z/01 $2Trx $#religioonipoliitika $#santykiai, bažnyčios ir valstybės $#relations, church-state $#kapcsolatok, egyházi-állami $#polityka wyznaniowa $#vzťahy cirkevno-štátne $#vztahy církevně-státní $#Staat-Kirche-Verhältnis $#Kirche und Staat $#Repressionen, religiöse $#Beziehungen, kirchlich-staatliche $#Politik und Religion $#Politik Religionspolitik $#polityka i religia $#cirkev a štát $#represálie náboženské $#církev a stát $#represálie náboženské $8--Trx--Religionspolitik $x10 $9391379321 
244Z/01 $2Trx $#vaimulikkond, evangeelne $#evangelikų dvasininkai $#Protestant clergy $#papság, evangélikus $#duchowieństwo ewangelickie $#duchovenstvo, evanjelické $#duchovenstvo evangelické $#Pfarrer $#farári $#faráři $8--Trx--Geistliche, evangelische $x11 $9391371878 
244Z/01 $2Trx $8--Trx--Zeitschriftenaufsatz $x12 $9391384341 
245Z/01 $a13.02 $x01 
245Z/01 $a10.02.02.02 $x02 
247C/01 $82080>Marburg/Lahn, Herder-Institut, Forschungsbibliothek, Bibliographieportal $9336309341
LEADER 00000caa a22000002c 4500
001 392663449
003 DE-603
005 20260303133727.0
007 tu
008 161111s2012 xx |||| | u00||u|ger c
035 |a (DE-599)HEB392663449 
040 |a DE-603  |b ger  |c DE-603  |d DE-603 
041 |a ger 
082 0 4 |8 1\u  |a 307.09438  |q DE-101  |2 23/BSB 
084 |a 7,41  |a 7,44  |2 ssgn 
084 |a GER  |q DE-30  |2 fid 
085 |8 1\u  |b 307.09 
085 |8 1\u  |z 2  |s 438 
085 |8 1\u  |z 2  |s 4796 
100 1 |a Wittram, Heinrich  |d 1931-2018  |0 (DE-603)152660887  |0 (DE-588)121241270  |2 gnd 
245 0 0 |a Kleine evangelische Gemeinden in Lettgallen 
264 0 |c 2012 [2013] 
651 7 |a Lettgallen  |0 (DE-588)4223781-6  |0 (DE-603)086159291  |2 gnd 
773 0 8 |i In  |t Jahrbuch des baltischen Deutschtums  |d Lüneburg : Carl-Schirren-Ges., 1927-2012  |x 0075-2436  |g Band 60 (2012), Seite 67-72  |w (DE-603)047351179  |w (DE-600)217235-5 
924 0 |9 2080  |a (DE-603)788762222  |b DE-2080  |c HES  |d d  |g /